[Event "Cuernavaca Young Masters"]
[Site "Cuernavaca"]
[Date "2006.02.06"]
[Round "4"]
[White "Vallejo Pons, Francisco"]
[Black "Dominguez Perez, Leinier"]
[Result "1/2-1/2"]
[WhiteElo "2650"]
[BlackElo "2638"]
[Annotator "Wells,P"]
[PlyCount "49"]
[EventDate "2006.02.03"]
[EventType "tourn"]
[EventRounds "9"]
[EventCountry "MEX"]
[EventCategory "16"]
[SourceTitle "CBM 112"]
[Source "ChessBase"]
[SourceDate "2006.06.07"]
[SourceVersion "1"]
[SourceVersionDate "2006.06.07"]
[SourceQuality "1"]

1. e4 e5 2. Nc3 Nf6 3. Nf3 Nc6 4. Bb5 Nd4 5. Bc4 Bc5 6. Nxe5 Qe7 7. Nf3 d5 8.
Bxd5 Bg4 9. d3 O-O-O $5 {[%mdl 8]} 10. Be3 Nxd5 11. Nxd5 Rxd5 $1 12. exd5 Re8
13. c3 {It seems to me that what happens after this is pretty much best play.}
({Time, practice or most likely a good deal of computer analysis will
determine whether} 13. O-O {is a viable alternative. It looks very risky, but
I don't yet see a clear route for Black after eg.} Bxf3 (13... Nxf3+ $5) 14.
gxf3 Qh4 (14... Bd6 15. f4) 15. f4 Bd6 16. Kh1 {when} Bxf4 17. Bxf4 Qxf4 18.
Qh5 Nf3 $5 {has value for our later theme of restricting the rooks as
compensation for the exchange, but is a bit hard to believe!}) 13... Nxf3+ 14.
gxf3 Qh4 $1 {Fritz and Shredder are pretty much at one here - a draw is the
right result!} 15. Kd2 $8 Rxe3 $1 16. fxe3 Qf2+ 17. Kc1 Bxf3 18. Qe1 Bxe3+ 19.
Kb1 Bxh1 20. Qxh1 Qe2 $1 21. a4 Qxd3+ 22. Ka2 Qc4+ 23. Kb1 Qd3+ 24. Ka2 Qc4+
25. Kb1 1/2-1/2